The Upheaval (Record no. 598)

MARC details
000 -LEADER
fixed length control field 00440 a2200169 4500
001 - CONTROL NUMBER
control field 066553
003 - CONTROL NUMBER IDENTIFIER
control field OSt
005 - DATE AND TIME OF LATEST TRANSACTION
control field 20211001132614.0
008 - FIXED-LENGTH DATA ELEMENTS--GENERAL INFORMATION
fixed length control field
082 ## - DEWEY DECIMAL CLASSIFICATION NUMBER
Classification number 891.46371
Item number N14U
100 1# - MAIN ENTRY--PERSONAL NAME
Personal name Naik, Pundalika N.
245 1# - TITLE STATEMENT
Title The Upheaval
Statement of responsibility, etc by Pundalika N. Naik
260 ## - PUBLICATION, DISTRIBUTION, ETC. (IMPRINT)
Place of publication, distribution, etc New Delhi
Name of publisher, distributor, etc Oxford University Press
Date of publication, distribution, etc 2007
300 ## - PHYSICAL DESCRIPTION
Extent 144p.
690 ## - LOCAL SUBJECT ADDED ENTRY--TOPICAL TERM (OCLC, RLIN)
Topical term or geographic name as entry element Rural conditions; India--Velha Goa
942 ## - ADDED ENTRY ELEMENTS (KOHA)
Source of classification or shelving scheme Dewey Decimal Classification
Koha item type Books
Holdings
Withdrawn status Lost status Source of classification or shelving scheme Damaged status Not for loan Collection code Home library Current library Date acquired Source of acquisition Cost, normal purchase price Full call number Barcode Date last seen Price effective from Koha item type
    Dewey Decimal Classification     General Text Book Central University Of Rajasthan Central University Of Rajasthan 07/03/2012 ENG 295.00 891.46371 N14U 839 21/11/2024 02/09/2020 Books